| 000 | 00802nam a2200241 i 4500 | ||
|---|---|---|---|
| 001 | 12121 | ||
| 003 | ES-MaACL | ||
| 005 | 20251014063045.0 | ||
| 007 | t| | ||
| 008 | 970414s1992 sp a |||| | spa d | ||
| 080 | _a75 Simón, Paco (083.824) | ||
| 100 | 1 |
_aSimón, Paco, _d1954- _9163384 |
|
| 245 | 1 | 0 |
_aPaco Simón _b: [exposición] Sala Gaspar, diciembre 1992-enero 1993 / _c[texto, J. Max Robins]. |
| 260 |
_aBarcelona : _bSala Gaspar, _c[1992] |
||
| 300 |
_a[58] p. : _bprincipalmente il. col. ; _c23 cm. |
||
| 546 | _aTexto en español e inglés. | ||
| 600 | 1 | 7 |
_aSimón, Paco, _d1954- _vExposiciones _2 _9163385 |
| 655 | 7 |
_2tgfbne _9193628 _aCatálogos de exposiciones |
|
| 710 | 2 |
_aSala Gaspar. _96478 |
|
| 852 |
_aES-MaACL _jL-19474 |
||
| 942 | _2udc | ||
| 999 |
_c12121 _d12121 |
||